Candidats Emblématique de la Télé Réalité en images - Statistiques

Statistiques générales
  • Ce quiz a été pris 1 145 fois
  • Le résultat moyen est 12 sur 16
Statistiques - réponses
Par images Hint Réponse % Correct
Les Marseillais Julien Tanti
97%
Les Marseillais Maéva Ghennam
96%
Qui veut épouser mon fils ? | JLC Family Jazz Correia
93%
Koh Lanta Moundir Zoughari
93%
Koh Lanta | Les Anges De La Télé Réalité Fred
92%
Les Princes De L’Amour | Les Anges De La Télé Réalité Milla Jasmine
92%
Les Anges De La Télé Réalité Nabilla Vergara
91%
Secret Story | Les Anges De La Télé Réalité Amélie Neten
90%
Les Anges De La Télé Réalité Raphael Pepin
83%
Loft Story Afida Turner
76%
Loft Story Loana Petruciani
75%
Secret Story | Les Anges De La Télé Réalité Marie Garet
65%
Secret Story Ayem Nour
63%
Secret Story François Xavier
37%
Qui veut épouser mon fils? Giuseppe
23%
Carré ViiiP Mickael Vendetta
17%
Aucun quiz correspondant
Distribution des résultats
% des personnes avec chaque résultat
Percentile par nombre de réponses
Votre historique - résultats
Vous n’avez pas pris ce quiz